| 000 | 00417cam a22001337a 4500 | ||
|---|---|---|---|
| 008 | 180718b1967 xxu||||| |||| 00| 0 eng d | ||
| 082 | _aP26x73 Sa37 | ||
| 245 |
_aPupil personnel services: selected readings _cedited by Glenn A. Saltzman and Herman J. Peters |
||
| 260 |
_aNew York _bPeacock _c1967 |
||
| 300 | _a519p. | ||
| 650 | _aEducational counseling | ||
| 700 | _aPeters, Herman J. | ||
| 700 | _aSaltzman, Glenn A. | ||
| 999 |
_c477473 _d477473 |
||